000 00546nam a22001937a 4500
003 KOHA_MİRAKIL
005 20251124092347.0
008 251124b tu ||||| |||| 00| 0 tur d
020 _a9786052650073
040 _aTR-AnABB
_btur
_cTR-AnABB
041 _atur
082 _a813.42
_bKAK 2022
100 1 _aKakınç, Tarık Dursun,
245 1 0 _aDenizin kanı /
_cTarık Dursun Kakınç
260 _aİstanbul :
_bİthaki Yayınları,
_c2022
300 _a358 sayfa ;
_c21 cm
650 0 4 _aTürk edebiyatı, roman
942 _2ddc
_cBK
999 _c9587
_d9587
900 _bGizem YORULMAZ